| 000 | 00565nam a2200193 a 4500 | ||
|---|---|---|---|
| 001 | 1462 | ||
| 003 | CDMR | ||
| 005 | 20131015101355.0 | ||
| 008 | 130130s1984||||||||||||||||||||||||||||d | ||
| 020 | _a8400058267 | ||
| 040 |
_aCDMR _bcat _cCDMR |
||
| 100 | 1 |
_aCarro Celada, José Antonio _91112 |
|
| 245 | 1 | 0 |
_aHistoria de la prensa leonesa _cJosé Antonio Carro Celada |
| 260 |
_aLeón _c1984 _bDiputación Provincial de León |
||
| 300 | _a157 p. | ||
| 490 | 0 |
_aBreviarios de la Calle del Pez _v3 |
|
| 650 | 0 | 4 |
_94068 _aPremsa _zCastella i Lleó _zLleó |
| 942 |
_cMON _2udc |
||
| 999 |
_c1462 _d1462 |
||